[Event "Titled Tue 24th Jun Early"]
[Site "chess.com INT"]
[Date "2025.06.24"]
[Round "7"]
[White "Van Baar, Esper"]
[Black "Parkhurst Casas, Andrea Ju"]
[Result "0-1"]
[WhiteTitle "FM"]
[BlackTitle "WCM"]
[WhiteElo "2232"]
[BlackElo "1722"]
[WhiteFideId "1049321"]
[BlackFideId "5117496"]
[EventDate "2025.06.24"]

1. c4 Nf6 2. Nf3 e6 3. Nc3 d6 4. d4 Be7 5. e4 O-O 6. Be2 Nc6 7. O-O a6 8. Be3
Rb8 9. h3 b5 10. cxb5 axb5 11. Bxb5 Na5 12. b3 c6 13. Bd3 c5 14. dxc5 dxc5 15.
Qd2 Nc6 16. Rfd1 Nd4 17. Be2 Nxe2+ 18. Qxe2 Qc7 19. Rac1 Bb7 20. Bg5 h6 21. Bh4
Rfe8 22. Bg3 e5 23. Bh4 Rbd8 24. Bg3 Rxd1+ 25. Rxd1 Qc6 26. Nxe5 Qe6 27. Qc4
Qxc4 28. Nxc4 Nxe4 29. Nxe4 Bxe4 30. Rd7 Bf6 31. Nd6 Re6 32. Nxe4 Rxe4 33. Rc7
Bd4 34. a4 Re1+ 35. Kh2 Rb1 36. Rb7 Rb2 37. a5 Bxf2 38. Bxf2 Rxf2 39. a6 Ra2 40.
a7 Kh7 41. Rxf7 Kg6 42. Rb7 Kh5 43. Kg3 g5 44. Kf3 Ra3 45. Kf2 Ra2+ 46. Kg3 Ra3
47. Kf3 c4 48. Ke4 cxb3 49. Kd3 b2+ 50. Kc2 Ra2 51. Kb1 Ra4 52. Kxb2 Kh4 53. Kb3
Ra1 54. Rh7 h5 0-1

[Event "Titled Tue 24th Jun Early"]
[Site "chess.com INT"]
[Date "2025.06.24"]
[Round "7"]
[White "Niemann, Hans Moke"]
[Black "Martinez Alcantara, Jose Eduardo"]
[Result "1-0"]
[WhiteTitle "GM"]
[BlackTitle "GM"]
[WhiteElo "2736"]
[BlackElo "2611"]
[WhiteFideId "2093596"]
[BlackFideId "3805662"]
[EventDate "2025.06.24"]

1. e4 e5 2. Nf3 Nc6 3. Bc4 Bc5 4. d3 Nf6 5. c3 d6 6. O-O Bb6 7. Re1 h6 8. Nbd2
O-O 9. Bb3 Ne7 10. Nc4 Ng6 11. h3 c6 12. Nxb6 axb6 13. d4 Re8 14. Bc2 b5 15. a3
Be6 16. Be3 Qe7 17. Qd2 Nh5 18. Kh2 Rad8 19. Rad1 Nhf4 20. Ng1 Nh5 21. g3 Nf6
22. Qe2 Bc4 23. Qd2 exd4 24. Bxd4 c5 25. Bxf6 Qxf6 26. f4 Nf8 27. Nf3 Qe7 28.
Qf2 Qc7 29. Rd2 Qc6 30. Qg2 Qc7 31. Red1 Be6 32. Qf2 b6 33. a4 bxa4 34. Bxa4 Bd7
35. Bc2 Bc6 36. Re1 Re7 37. Nh4 Re6 38. Nf5 Rde8 39. Red1 d5 40. e5 f6 41. Nd6
Rd8 42. Re1 fxe5 43. fxe5 Qe7 44. Rde2 Nd7 45. Qf5 Rf8 46. Qh7# 1-0

[Event "Titled Tue 24th Jun Early"]
[Site "chess.com INT"]
[Date "2025.06.24"]
[Round "7"]
[White "Hartge, Gedeon"]
[Black "Sharapov, Yevhen"]
[Result "0-1"]
[WhiteTitle "FM"]
[BlackTitle "GM"]
[WhiteElo "2328"]
[BlackElo "2375"]
[WhiteFideId "12932116"]
[BlackFideId "14103133"]
[EventDate "2025.06.24"]

1. e4 c5 2. Nc3 Nc6 3. Bb5 Nd4 4. Nf3 a6 5. Bd3 Nc6 6. O-O e5 7. a3 Be7 8. Bc4
Nf6 9. d3 O-O 10. Bg5 b5 11. Ba2 d6 12. Re1 Nd4 13. h3 Kh8 14. Bxf6 Bxf6 15. Nd5
Be6 16. c3 Nxf3+ 17. Qxf3 Rb8 18. Nxf6 Qxf6 19. Qxf6 gxf6 20. Bd5 Bxd5 21. exd5
f5 22. f4 f6 23. Re2 a5 24. Rf1 b4 25. axb4 axb4 26. c4 Ra8 27. Ref2 Ra2 28.
fxe5 fxe5 29. Rxf5 Rxf5 30. Rxf5 Rxb2 31. Rf6 Rd2 32. Rxd6 Rxd3 33. Kf2 Rd4 34.
Re6 Rxc4 35. Rxe5 b3 36. Re1 Rd4 37. Rc1 Rxd5 38. Ke3 Rg5 39. g4 h5 40. Rc3 b2
41. Rb3 hxg4 42. hxg4 Rxg4 43. Rxb2 c4 44. Rc2 Kg7 45. Kf3 Rh4 46. Ke3 Kf6 47.
Kd2 Ke5 48. Kc3 Kd5 49. Rg2 Rh3+ 50. Kc2 Kc5 51. Kc1 Kb4 52. Rf2 Kb3 53. Rg2 c3
54. Rg1 Rh2 55. Rf1 Ra2 0-1

[Event "Titled Tue 24th Jun Early"]
[Site "chess.com INT"]
[Date "2025.06.24"]
[Round "7"]
[White "Chigaev, Maksim"]
[Black "Caruana, Fabiano"]
[Result "0-1"]
[WhiteTitle "GM"]
[BlackTitle "GM"]
[WhiteElo "2635"]
[BlackElo "2777"]
[WhiteFideId "4108116"]
[BlackFideId "2020009"]
[EventDate "2025.06.24"]

1. d4 d5 2. Nf3 Nf6 3. c4 c6 4. Nc3 dxc4 5. e4 b5 6. Be2 e6 7. O-O a5 8. a4 b4
9. e5 Nd5 10. Ne4 Ba6 11. Bg5 Qb6 12. Rc1 h6 13. Be3 Be7 14. Bxc4 Nd7 15. Bxa6
Qxa6 16. b3 O-O 17. Qd2 f5 18. exf6 N7xf6 19. Nxf6+ Bxf6 20. Qc2 Nc3 21. Rfe1
Rad8 22. Kh1 Rd5 23. h3 Qb7 24. Bd2 c5 25. Rxe6 cxd4 26. Qd3 Qf7 27. Rce1 Qh5
28. Kg1 Qf5 29. Qc4 Kh7 30. Re8 Rxe8 31. Rxe8 d3 32. Kf1 Nb1 33. Qe4 Qxe4 34.
Rxe4 Bc3 35. Ke1 Rc5 36. Kd1 Bxd2 37. Nxd2 Nc3+ 0-1

[Event "Titled Tue 24th Jun Early"]
[Site "chess.com INT"]
[Date "2025.06.24"]
[Round "7"]
[White "Sturt, Raven"]
[Black "Tikhonov, Viacheslav"]
[Result "0-1"]
[WhiteTitle "GM"]
[BlackTitle "CM"]
[WhiteElo "2459"]
[BlackElo "2183"]
[WhiteFideId "2007304"]
[BlackFideId "44196407"]
[EventDate "2025.06.24"]

1. f4 c5 2. Nf3 Nc6 3. e3 g6 4. Bb5 Bg7 5. Bxc6 dxc6 6. O-O Nf6 7. d3 O-O 8. e4
a5 9. a4 Bg4 10. Na3 Nd7 11. h3 Bxf3 12. Qxf3 Rb8 13. e5 e6 14. Be3 f6 15. Qg4
Qe7 16. exf6 Nxf6 17. Qg5 b6 18. Rae1 Qc7 19. Bc1 Rbe8 20. Nc4 Nd5 21. c3 b5 22.
Ne5 Rf5 23. Qh4 bxa4 24. Nc4 Ref8 25. Rxe6 Nxf4 26. Bxf4 Rxf4 27. Rxf4 Rxf4 28.
Re8+ Bf8 29. Qe1 a3 30. bxa3 Rf6 31. a4 Qf4 32. Qe3 Qf5 33. Kh2 h5 34. Nxa5 Kh7
35. Nc4 Bg7 36. Qe4 Qf1 37. Re7 Rf7 38. Rxf7 Qxf7 39. a5 Bxc3 40. a6 Bd4 41. Qf3
Qc7+ 42. Qg3 Bg1+ 43. Kxg1 Qxg3 44. a7 Qe1+ 45. Kh2 Qa1 0-1

[Event "Titled Tue 24th Jun Early"]
[Site "chess.com INT"]
[Date "2025.06.24"]
[Round "7"]
[White "Martinez, Shawn"]
[Black "Ghosh, Chanchal Kumer"]
[Result "0-1"]
[BlackTitle "CM"]
[WhiteElo "1921"]
[BlackElo "2018"]
[WhiteFideId "2039770"]
[BlackFideId "10201858"]
[EventDate "2025.06.24"]

1. e4 c5 2. Nc3 d6 3. Bb5+ Bd7 4. a4 Nc6 5. f4 e6 6. Nf3 Nf6 7. O-O Nd4 8. Bd3
Be7 9. e5 Nd5 10. Nxd5 exd5 11. Nxd4 cxd4 12. Qf3 O-O 13. Qxd5 dxe5 14. Qxe5 Bc6
15. b3 Bf6 16. Qh5 g6 17. Qh3 Re8 18. Ba3 Qd5 19. f5 g5 20. Rae1 h5 21. Qg3 Kg7
22. Bc4 Qd7 23. d3 Re3 24. Rxe3 dxe3 25. Bc1 Re8 26. h4 g4 27. Re1 Qd4 28. Re2
a6 29. a5 Re5 30. Qe1 Rxf5 31. Bxe3 Qd8 32. Rf2 Bxh4 33. Qc3+ Bf6 34. Qd2 Rxf2
35. Qxf2 Qd6 36. Bc5 Qe5 37. Be3 g3 38. Qd2 h4 39. Bh6+ Kh7 40. Bxf7 h3 41. gxh3
g2 42. Bf4 Qa1+ 43. Qc1 Bd4+ 44. Kh2 g1=Q+ 0-1

[Event "Titled Tue 24th Jun Early"]
[Site "chess.com INT"]
[Date "2025.06.24"]
[Round "7"]
[White "Dragnev, Valentin"]
[Black "Abdsattar, Alisher"]
[Result "0-1"]
[WhiteTitle "GM"]
[BlackTitle "CM"]
[WhiteElo "2547"]
[BlackElo "2030"]
[WhiteFideId "1634852"]
[BlackFideId "13749358"]
[EventDate "2025.06.24"]

1. e4 e6 2. d4 d5 3. Nd2 c5 4. Ngf3 cxd4 5. Nxd4 Nf6 6. e5 Nfd7 7. N2f3 Nc6 8.
Bb5 Qc7 9. O-O a6 10. Bxc6 bxc6 11. Re1 Be7 12. Bg5 Bxg5 13. Nxg5 Nxe5 14. Qh5
Ng6 15. Nf5 Kf8 16. Nd4 c5 17. Ndxe6+ Bxe6 18. Rxe6 Nf4 19. Qf3 h6 20. Nxf7 Qxf7
21. Rc6 Kg8 22. Rxc5 Kh7 23. Rd1 Rhf8 24. h4 Rae8 25. Kh1 Qe7 26. Qg3 Qxc5 0-1

[Event "Titled Tue 24th Jun Early"]
[Site "chess.com INT"]
[Date "2025.06.24"]
[Round "7"]
[White "Shimanov, Aleksandr"]
[Black "Grandelius, Nils"]
[Result "0-1"]
[WhiteTitle "GM"]
[BlackTitle "GM"]
[WhiteElo "2578"]
[BlackElo "2643"]
[WhiteFideId "4198603"]
[BlackFideId "1710400"]
[EventDate "2025.06.24"]

1. e4 c5 2. d4 cxd4 3. Qxd4 Nc6 4. Qd3 a6 5. Nc3 b5 6. Nf3 Bb7 7. Be2 e6 8. O-O
Nf6 9. a4 b4 10. Nd5 exd5 11. exd5 Na5 12. Bg5 Bd6 13. Nd4 O-O 14. Nf5 Be5 15.
Rae1 Re8 16. Bf3 d6 17. Qd2 Bc8 18. Nd4 Bd7 19. Nc6 Bxc6 20. dxc6 Rc8 21. Qxb4
Nxc6 22. Qd2 Nd4 23. Bd1 Ne6 24. Be3 Bxb2 25. Qd3 Bc3 26. Re2 d5 27. Qxa6 Ng4
28. h3 Nxe3 29. Rxe3 Nc5 30. Qb5 Rxe3 31. fxe3 Qe7 32. a5 Qxe3+ 33. Kh2 Be5+ 34.
Kh1 Ne4 35. Rxf7 Ng3+ 36. Kh2 Nf5+ 37. Kh1 Qe1+ 0-1

[Event "Titled Tue 24th Jun Early"]
[Site "chess.com INT"]
[Date "2025.06.24"]
[Round "7"]
[White "Zhigalko, Sergei"]
[Black "Kosteniuk, Alexandra"]
[Result "1-0"]
[WhiteTitle "GM"]
[BlackTitle "GM"]
[WhiteElo "2572"]
[BlackElo "2474"]
[WhiteFideId "13502956"]
[BlackFideId "4128125"]
[EventDate "2025.06.24"]

1. e4 c6 2. d4 d5 3. e5 c5 4. Nf3 e6 5. c3 Nc6 6. Bd3 Nge7 7. dxc5 Ng6 8. Bxg6
hxg6 9. b4 Qc7 10. Qe2 a5 11. Bd2 Rh5 12. g4 Rh3 13. O-O Bd7 14. Re1 f6 15. Na3
Nxe5 16. Nxe5 Qxe5 17. Qxe5 fxe5 18. Nc2 e4 19. Re3 Rh4 20. h3 Be7 21. Rg3 e5
22. a3 axb4 23. axb4 Rxa1+ 24. Nxa1 Ba4 25. c4 d4 26. Ra3 Bd7 27. Kg2 Bc6 28.
Kg3 Kf7 29. b5 Bd7 30. Ra7 Bc8 31. c6 1-0

[Event "Titled Tue 24th Jun Early"]
[Site "chess.com INT"]
[Date "2025.06.24"]
[Round "7"]
[White "Krsnik Cohar, Ivan Vihor"]
[Black "Burovic, Rijad"]
[Result "0-1"]
[WhiteTitle "FM"]
[BlackTitle "IM"]
[WhiteElo "2362"]
[BlackElo "2420"]
[WhiteFideId "14520044"]
[BlackFideId "14407701"]
[EventDate "2025.06.24"]

1. d4 g6 2. Bf4 Bg7 3. c3 d6 4. e3 Nd7 5. Nf3 e5 6. dxe5 dxe5 7. Bg5 f6 8. Bh4
Nh6 9. e4 O-O 10. Bc4+ Nf7 11. O-O Qe7 12. Na3 c6 13. Nc2 b5 14. Bb3 Nc5 15. Qe2
a5 16. Rfd1 Nxb3 17. axb3 Be6 18. b4 a4 19. Ne3 Bb3 20. Rd2 Rfd8 21. h3 Bh6 22.
Rxd8+ Rxd8 23. Ng4 Bg7 24. Nd2 Be6 25. Ne3 Bh6 26. Ndf1 Bg5 27. Bg3 Nd6 28. Qf3
Nc4 29. Nxc4 Bxc4 30. h4 Bh6 31. h5 Rd3 32. Qg4 Qe6 33. Qxe6+ Bxe6 34. hxg6 hxg6
35. f3 Bc4 36. Be1 Kf7 37. Kf2 f5 38. exf5 gxf5 39. Rb1 Ke6 40. Ra1 e4 41. fxe4
fxe4 42. Ng3 Be3+ 43. Ke2 Rxc3+ 44. Kd1 Rd3+ 45. Ke2 Ra3+ 0-1

[Event "Titled Tue 24th Jun Early"]
[Site "chess.com INT"]
[Date "2025.06.24"]
[Round "7"]
[White "Sipila, Vilka"]
[Black "Atoyan, Alberto"]
[Result "0-1"]
[WhiteTitle "IM"]
[BlackTitle "CM"]
[WhiteElo "2465"]
[BlackElo "2266"]
[WhiteFideId "505455"]
[BlackFideId "13314831"]
[EventDate "2025.06.24"]

1. b3 Nf6 2. Bb2 d5 3. Nf3 Bf5 4. g3 e6 5. Bg2 h6 6. O-O Nbd7 7. d3 Be7 8. Nbd2
O-O 9. Ne5 Nxe5 10. Bxe5 Bg6 11. e4 dxe4 12. dxe4 Bb4 13. c3 Bd6 14. Bxd6 Qxd6
15. Qe2 e5 16. f4 Rad8 17. Rf2 Bh5 18. Bf3 Bxf3 19. Qxf3 Qd3 20. Re1 Rfe8 21.
Re3 Qc2 22. Nc4 Qd1+ 23. Kg2 Ng4 24. Ree2 Nxf2 25. Qxf2 exf4 26. gxf4 Qd3 27.
Re3 Qb1 28. Ne5 f6 29. Nf3 Rxe4 30. Nd2 Rxd2 31. Qxd2 Rxe3 32. Qxe3 Qxa2+ 33.
Kg1 Qxb3 34. Qxa7 Qb6+ 35. Qxb6 cxb6 36. f5 Kf7 37. Kf2 g6 38. fxg6+ Kxg6 39.
Ke3 Kg5 40. Ke4 f5+ 41. Ke5 f4 42. Ke4 Kg4 43. Kd3 Kf3 44. Kd4 Kg2 45. Ke4 f3 0-1

[Event "Titled Tue 24th Jun Early"]
[Site "chess.com INT"]
[Date "2025.06.24"]
[Round "7"]
[White "Fedotov, Nikita2"]
[Black "Harsh, Suresh"]
[Result "1-0"]
[WhiteTitle "FM"]
[BlackTitle "IM"]
[WhiteElo "2278"]
[BlackElo "2392"]
[WhiteFideId "24161446"]
[BlackFideId "45018464"]
[EventDate "2025.06.24"]

1. Nf3 b6 2. g3 Bb7 3. Bg2 g6 4. O-O Bg7 5. c4 e6 6. Nc3 Ne7 7. e4 d5 8. exd5
exd5 9. Qa4+ Bc6 10. Qa3 O-O 11. d3 d4 12. Ne4 Bxe4 13. dxe4 c5 14. Ne1 Nbc6 15.
Nd3 Ne5 16. f4 Nxd3 17. Qxd3 Rc8 18. f5 Nc6 19. Bf4 g5 20. f6 Bxf6 21. e5 Bxe5
22. Bxc6 gxf4 23. Bd5 Qg5 24. Rae1 Kh8 25. Kh1 Bd6 26. Rf3 Qf6 27. Ref1 Rce8 28.
gxf4 Re3 29. Rxe3 dxe3 30. Qxe3 Qxb2 31. Qh3 Qf6 32. Be4 Qg7 33. Rg1 1-0

[Event "Titled Tue 24th Jun Early"]
[Site "chess.com INT"]
[Date "2025.06.24"]
[Round "7"]
[White "Aarit Kapil"]
[Black "Sabatier, Mathis"]
[Result "1-0"]
[WhiteTitle "CM"]
[BlackTitle "CM"]
[WhiteElo "2078"]
[BlackElo "2235"]
[WhiteFideId "33408947"]
[BlackFideId "26029685"]
[EventDate "2025.06.24"]

1. Nf3 d5 2. d4 Nf6 3. g3 e6 4. Bg2 Be7 5. O-O O-O 6. c4 c6 7. Nc3 dxc4 8. Ne5
b5 9. Nxb5 Nd5 10. Nc3 Nb6 11. a4 a5 12. Nxc6 Nxc6 13. Bxc6 Rb8 14. Bg2 Bb7 15.
e4 f5 16. e5 Bxg2 17. Kxg2 Nd5 18. Qe2 f4 19. Qxc4 f3+ 20. Kg1 Rb4 21. Qd3 Qe8
22. Nb5 Qh5 23. Re1 Nf4 24. Bxf4 Rxf4 25. Qf1 Rxb2 26. Rac1 Rh4 27. gxh4 Qg4+
28. Kh1 Bxh4 29. Rc8+ Kf7 30. Nd6+ Ke7 31. Rec1 Qg2+ 32. Qxg2 fxg2+ 33. Kxg2
Rxf2+ 34. Kh3 1-0

[Event "Titled Tue 24th Jun Early"]
[Site "chess.com INT"]
[Date "2025.06.24"]
[Round "7"]
[White "Harriott, Tyrell"]
[Black "Piesik, Piotr"]
[Result "0-1"]
[BlackTitle "IM"]
[WhiteElo "1924"]
[BlackElo "2436"]
[WhiteFideId "2086484"]
[BlackFideId "1136194"]
[EventDate "2025.06.24"]

1. d4 c5 2. e3 Nf6 3. f4 e6 4. Bd3 b6 5. Nf3 Bb7 6. O-O Be7 7. Nbd2 d5 8. c3 O-O
9. Ne5 Ne4 10. Qg4 f5 11. Qh3 Nd7 12. g4 Nxe5 13. fxe5 g6 14. Nf3 Qc8 15. gxf5
exf5 16. Bc2 Ba6 17. Re1 Kh8 18. Qg2 Qd8 19. Kh1 g5 20. Rg1 Rg8 21. Bd2 g4 22.
Ne1 Bh4 23. Bxe4 fxe4 24. Nc2 Qg5 25. Be1 Raf8 26. b3 Bd3 27. Rd1 Rf3 28. Bxh4
Qxh4 29. Ne1 Rf2 30. Qg3 Qxg3 31. hxg3 Rg6 32. Ng2 Rh6+ 33. Nh4 Be2 34. Rge1
Rxh4+ 35. gxh4 Bf3+ 36. Kg1 g3 0-1

[Event "Titled Tue 24th Jun Early"]
[Site "chess.com INT"]
[Date "2025.06.24"]
[Round "7"]
[White "Gavarrete, Nahun"]
[Black "Damaraju, Ashwin"]
[Result "0-1"]
[WhiteTitle "FM"]
[WhiteElo "2281"]
[BlackElo "2084"]
[WhiteFideId "8400709"]
[BlackFideId "39908348"]
[EventDate "2025.06.24"]

1. e4 c5 2. Nc3 d6 3. g3 g6 4. Bg2 Bg7 5. Nge2 Nc6 6. O-O Nf6 7. d3 O-O 8. h3
Rb8 9. a4 a6 10. Be3 b5 11. d4 b4 12. Na2 Nd7 13. e5 Nxd4 14. Bxd4 cxd4 15. exd6
e5 16. c3 bxc3 17. bxc3 Nc5 18. cxd4 exd4 19. Nxd4 Qxd6 20. Nc6 Qxd1 21. Raxd1
Rb2 22. Nc1 Bf6 23. a5 Be6 24. Nd3 Nxd3 25. Rxd3 Bc4 26. Rfd1 Bxd3 27. Rxd3 Re8
28. Bf3 Ra2 29. Kg2 h5 30. Rd5 h4 31. g4 Bc3 32. Nd4 Be1 33. Ne2 Raxe2 34. Bxe2
Rxe2 35. Kf1 Re6 36. Rd8+ Kg7 37. Rd5 Bb4 38. f4 Re3 39. f5 Rxh3 40. fxg6 Kxg6
41. Kg2 Rg3+ 42. Kh2 Rxg4 43. Rg5+ Kxg5 44. Kh3 Rg3+ 45. Kh2 Ra3 46. Kh1 Bf8 47.
Kh2 Rxa5 48. Kh1 Ra3 49. Kh2 Rb3 50. Kh1 a5 51. Kh2 a4 52. Kh1 a3 53. Kh2 a2 54.
Kh1 a1=Q+ 55. Kh2 Qa2+ 56. Kh1 Rb1# 0-1

[Event "Titled Tue 24th Jun Early"]
[Site "chess.com INT"]
[Date "2025.06.24"]
[Round "7"]
[White "Dann, Matthias"]
[Black "Dovgaliuk, Oleksandr"]
[Result "1-0"]
[WhiteTitle "IM"]
[WhiteElo "2446"]
[BlackElo "2190"]
[WhiteFideId "24638056"]
[BlackFideId "14167247"]
[EventDate "2025.06.24"]

1. Nf3 Nf6 2. c4 c6 3. Nc3 d5 4. e3 g6 5. d4 Bg7 6. cxd5 cxd5 7. Bd3 O-O 8. O-O
Nc6 9. h3 a6 10. Ne5 Nxe5 11. dxe5 Ne4 12. Nxe4 dxe4 13. Bxe4 Bxe5 14. Qb3 Be6
15. Qxb7 Rc8 16. Bf3 Qa5 17. Rd1 Rfd8 18. Rf1 Rc7 19. Qe4 Rc4 20. Qb1 Qc5 21. b3
Rc2 22. Ba3 Qc7 23. Bxe7 Rdd2 24. Bb4 Rb2 25. Bxd2 Rxb1 26. Raxb1 Qc2 27. Bb4
Qxa2 28. Rfc1 Bxb3 29. Bc5 Be6 30. Bd4 Bxd4 31. exd4 Qd2 32. d5 Bxd5 33. Rd1 Qc2
34. Bxd5 a5 35. Ra1 a4 36. Bf3 Kg7 37. Rd4 1-0

[Event "Titled Tue 24th Jun Early"]
[Site "chess.com INT"]
[Date "2025.06.24"]
[Round "7"]
[White "Milare, Tyron"]
[Black "Alikulov, Elbek"]
[Result "0-1"]
[WhiteTitle "FM"]
[BlackTitle "IM"]
[WhiteElo "2248"]
[BlackElo "2305"]
[WhiteFideId "12987018"]
[BlackFideId "14203308"]
[EventDate "2025.06.24"]

1. d4 Nf6 2. Nf3 g6 3. g3 Bg7 4. Bg2 d6 5. O-O O-O 6. Re1 Bf5 7. Nh4 Be4 8. f3
Bc6 9. e4 e5 10. d5 Bd7 11. c4 Ne8 12. Nc3 f5 13. exf5 g5 14. Qb3 b6 15. f4 gxh4
16. fxe5 Bxe5 17. Rxe5 dxe5 18. c5 Kh8 19. g4 bxc5 20. Ne4 c4 21. Qc3 Qe7 22.
Bg5 Qg7 23. Rf1 Nd6 24. f6 Qg6 25. Qxe5 Nf7 26. Qe7 Re8 27. d6 Rxe7 28. fxe7
cxd6 29. Bf6+ Kg8 30. g5 Nc6 31. Nc3 Re8 32. Be4 Qh5 33. Bf3 Qg6 34. Be4 Nxe7
35. Bxg6 Nxg6 36. Rd1 Bc6 37. Kf2 Nge5 38. Rd4 Nd3+ 39. Kf1 Re1# 0-1

[Event "Titled Tue 24th Jun Early"]
[Site "chess.com INT"]
[Date "2025.06.24"]
[Round "7"]
[White "Terkiewicz, Bruno"]
[Black "Weetik, Vjacheslav"]
[Result "0-1"]
[WhiteTitle "CM"]
[BlackTitle "FM"]
[WhiteElo "2183"]
[BlackElo "2423"]
[WhiteFideId "21093245"]
[BlackFideId "4153472"]
[EventDate "2025.06.24"]

1. e4 c6 2. d4 d5 3. e5 Bf5 4. Nf3 e6 5. Be2 Nd7 6. O-O a5 7. a4 h6 8. Nbd2 Ne7
9. c3 g5 10. Ne1 c5 11. f4 Qb6 12. Nb3 c4 13. Nd2 gxf4 14. Ndf3 Ng6 15. Qd2 Be7
16. Bd1 Rg8 17. Bc2 Be4 18. Qe2 f5 19. exf6 Nxf6 20. Kh1 O-O-O 21. Rb1 Qc6 22.
Ne5 Nxe5 23. dxe5 Ng4 24. Bxe4 dxe4 25. Bxf4 e3 26. Bxe3 Nxe3 27. Qxe3 Qxa4 28.
Nf3 Qc6 29. Qe2 Rd3 30. Nd4 Qd5 31. Rbd1 Bc5 32. Nb5 Rxg2 33. Rxd3 Rxe2+ 34.
Rxd5 exd5 35. e6 Rxe6 36. Rd1 Kd7 37. Rxd5+ Kc6 38. Nc7 Re7 39. Rxc5+ Kxc5 40.
Na6+ 0-1

[Event "Titled Tue 24th Jun Early"]
[Site "chess.com INT"]
[Date "2025.06.24"]
[Round "7"]
[White "Frempong-Smart Daniel"]
[Black "Nezamyatin, Ruslan"]
[Result "1-0"]
[WhiteTitle "CM"]
[BlackTitle "CM"]
[WhiteElo "1841"]
[BlackElo "2070"]
[WhiteFideId "12601659"]
[BlackFideId "24153451"]
[EventDate "2025.06.24"]

1. d4 Nf6 2. c4 e6 3. Nf3 c5 4. Nc3 d5 5. cxd5 exd5 6. Bg5 Be6 7. dxc5 Bxc5 8.
Bxf6 Qxf6 9. Nxd5 Bxd5 10. Qxd5 Qxb2 11. Rd1 Bb4+ 12. Nd2 O-O 13. e3 Nc6 14. Qb3
Qe5 15. Bd3 Rad8 16. O-O Qd5 17. Bc4 Qh5 18. Nf3 Rxd1 19. Rxd1 a5 20. a3 Bc5 21.
Qxb7 Ne5 22. Qd5 Nxf3+ 23. gxf3 Qg6+ 24. Kf1 Bxa3 25. Qxa5 Bd6 26. h3 Bh2 27.
Ke2 Bb8 28. Rd2 Qg2 29. Qf5 Qg1 30. Qg4 1-0

[Event "Titled Tue 24th Jun Early"]
[Site "chess.com INT"]
[Date "2025.06.24"]
[Round "7"]
[White "Young, Cohen"]
[Black "Brown, Akeem"]
[Result "1-0"]
[WhiteTitle "CM"]
[BlackTitle "CM"]
[WhiteElo "2060"]
[BlackElo "2055"]
[WhiteFideId "4317440"]
[BlackFideId "7402023"]
[EventDate "2025.06.24"]

1. e4 e5 2. Nf3 Nc6 3. Bb5 a6 4. Ba4 Nf6 5. O-O b5 6. Bb3 Bc5 7. a4 Bb7 8. d3
O-O 9. Re1 h6 10. Nbd2 Re8 11. Nf1 d5 12. exd5 Nxd5 13. Ng3 Bb6 14. Bd2 Qd7 15.
Qc1 Rad8 16. Bxh6 gxh6 17. Qxh6 Qe6 18. Qh4 Bc5 19. Ng5 Qg6 20. Re4 Bc8 21. axb5
axb5 22. Ra8 Be7 23. Rxc8 Bxg5 24. Rxd8 Rxd8 25. Qh3 Nf4 26. Qg4 Kg7 27. Nf5+
Kf6 28. Ne3 Nd4 29. Ba2 Nfe6 30. h4 Bxe3 31. Qxg6+ Kxg6 32. Rxe3 Nf5 33. Re4 f6
34. Bxe6 1-0

[Event "Titled Tue 24th Jun Early"]
[Site "chess.com INT"]
[Date "2025.06.24"]
[Round "7"]
[White "Mendonca, Leon Luke"]
[Black "Erigaisi, Arjun"]
[Result "1-0"]
[WhiteTitle "GM"]
[BlackTitle "GM"]
[WhiteElo "2603"]
[BlackElo "2782"]
[WhiteFideId "35028561"]
[BlackFideId "35009192"]
[EventDate "2025.06.24"]

1. c4 b6 2. Nf3 Bb7 3. Nc3 Nf6 4. g3 g6 5. Bg2 Bg7 6. O-O O-O 7. Re1 c5 8. e4
Nc6 9. d3 d6 10. h3 Nd7 11. Be3 e5 12. Nd5 f5 13. Qd2 fxe4 14. dxe4 Nd4 15. Nh2
Nf6 16. Rab1 Nxd5 17. exd5 Bc8 18. b4 Bf5 19. Rb2 e4 20. g4 Bd7 21. Bxe4 Be5 22.
f4 Bg7 23. Rbb1 Qh4 24. Bg2 Rae8 25. Bf2 Qf6 26. bxc5 dxc5 27. Rxe8 Bxe8 28. Bg3
h5 29. Nf3 Nxf3+ 30. Bxf3 h4 31. Bh2 Bh6 32. Re1 Bd7 33. Re4 g5 34. f5 Bxf5 35.
gxf5 Qxf5 36. Bg2 Bg7 37. Kh1 Qg6 38. Bg1 Qf5 39. Qe2 Qg6 40. Rg4 Qb1 41. Rxg5 1-0

[Event "Titled Tue 24th Jun Early"]
[Site "chess.com INT"]
[Date "2025.06.24"]
[Round "7"]
[White "Araujo Filho, Luiz Antonio Coel"]
[Black "Krzesaj, Robert"]
[Result "1/2-1/2"]
[BlackTitle "FM"]
[WhiteElo "2077"]
[BlackElo "2391"]
[WhiteFideId "2130661"]
[BlackFideId "1123521"]
[EventDate "2025.06.24"]

1. d4 d5 2. Nf3 Nf6 3. e3 Bg4 4. Nbd2 e6 5. Be2 Be7 6. O-O O-O 7. b3 c5 8. Bb2
Nc6 9. c4 cxd4 10. exd4 Rc8 11. a3 dxc4 12. bxc4 Na5 13. Qa4 b6 14. Bc3 Nc6 15.
h3 Bxf3 16. Nxf3 Ne4 17. Bb2 Bf6 18. Rad1 Na5 19. Rfe1 Qe8 20. Qxe8 Rfxe8 21. c5
Nxc5 22. Bb5 Red8 23. Bc3 Ncb7 24. Bb4 Nd6 25. Ba6 Rc2 26. Ne5 g6 27. Rc1 Rxc1
28. Rxc1 Nf5 29. Rc7 Nxd4 30. Nxf7 Rd5 31. Nh6+ Kh8 32. Nf7+ Kg8 33. Nh6+ Kh8
34. Nf7+ Kg8 1/2-1/2

[Event "Titled Tue 24th Jun Early"]
[Site "chess.com INT"]
[Date "2025.06.24"]
[Round "7"]
[White "Newansa, M Esandi"]
[Black "Bodemar, Jonathan"]
[Result "1-0"]
[WhiteTitle "WCM"]
[BlackTitle "CM"]
[WhiteElo "1945"]
[BlackElo "2150"]
[WhiteFideId "9999060"]
[BlackFideId "6205488"]
[EventDate "2025.06.24"]

1. d4 Nf6 2. Bf4 d5 3. e3 c5 4. c3 Nc6 5. Nd2 Bf5 6. Ngf3 e6 7. Qb3 Qc8 8. c4
cxd4 9. Nxd4 Bb4 10. Nxc6 Bxd2+ 11. Kxd2 Qxc6 12. cxd5 Qxd5+ 13. Qxd5 Nxd5 14.
Bb5+ Ke7 15. Bg3 Rhd8 16. Ke2 Rac8 17. Rac1 a6 18. Ba4 Nb4 19. Rhd1 Nd3 20. Rxc8
Rxc8 21. Rxd3 Bxd3+ 22. Kxd3 Rc1 23. Be5 Rg1 24. g3 f6 25. Bc3 Rg2 26. Bb4+ Kd8
27. Ke2 Rxh2 28. Kf3 Rh1 29. Bb3 Kd7 30. Bc3 b5 31. Bc2 h5 32. Bg6 h4 33. Kg2
Ra1 34. gxh4 Rxa2 35. h5 e5 36. Bf5+ Kd6 37. Bc2 a5 38. Kf3 b4 39. Be1 Rxb2 40.
Be4 a4 41. Bg6 a3 42. Bf7 b3 43. Bc3 Ke7 44. Bd5 Kd6 45. Bg8 Kc5 46. Bxb2 axb2
47. Bh7 Kb4 48. Ke2 Ka3 49. Bb1 1-0